Les films avec Ben Affleck - Statistiques

Statistiques générales
  • Ce quiz a été pris 16 fois
  • Le résultat moyen est 4 sur 20
Statistiques - réponses
Hint Réponse % Correct
Un homme piégé par sa femme qui s'est faite passer pour morte Gone Girl
80%
Un superhéros aveugle Daredevil
73%
Un pilote de chasse durant la seconde guerre mondiale Pearl Harbor
67%
L'ami d'enfance d'un génie intellectuel Will Hunting
60%
Un héros Comics sans pouvoirs Batman vs Superman
40%
Un agent de la CIA chargé d'exfiltré six otages en Iran Argo
33%
Un foreur envoyé pour sauver le monde Armageddon
33%
Le directeur de la marque Nike Air
13%
Un ange déchu bloqué sur Terre Dogma
13%
Un analyste de la CIA qui tente d'éviter une guerre nucléaire La Somme de toutes les peurs
7%
Le comte Pierre II d'Alençon Le Dernier Duel
7%
Un ingénieur qui travaille sur des dossiers confidentiels dont la mémoire est effacée après chaque mission Paycheck
7%
Un agent artistique bouleversé par l'infidélité de sa femme Agent de stars
0%
Un tueur a gage chargé de kidnapper le frère d'un procureur dans un asile Amours troubles
0%
Un homme en couple avec un personnage incarné par Jenifer Aniston et qui refuse de se marier Ce que pensent les hommes
0%
Un mari trompée qui fait disparaître les amants de sa femme Eaux Profondes
0%
Un lycéen d'une petite ville texane qui fête les vacances d'été avec ses amis Génération rebelle
0%
Un personnage qui côtoie le plus grand écrivain britannique de tout les temps Shakespeare in Love
0%
Un ferrailleur alcoolique qui entraîne une équipe de basket Tje Way Back
0%
Un homme qui laisse sa place à un autre sur un vol qui va s'écraser Un amour infini
0%
Aucun quiz correspondant
Distribution des résultats
% des personnes avec chaque résultat
Percentile par nombre de réponses
Votre historique - résultats
Vous n’avez pas pris ce quiz